Why is China growing so fast?

Uložené v:
Podrobná bibliografia
Hlavný autor: Hu, Zuliu
Ďalší autori: Khan, Mohsin S.
Médium: Kniha
Jazyk:English
Vydavateľské údaje: Washington International Monetary Fund 1997
Vydanie:1. ed.
Edícia:Economic issues 8
Predmet:
Tagy: Pridať tag
Žiadne tagy, Buďte prvý, kto otaguje tento záznam!

MARC

LEADER 00000nam a2200000 4500
001 c021111
005 20221221083936.8
020 |a 1-55775-641-4 
041 0 |a eng 
044 |a US 
245 1 0 |a Why is China growing so fast?  |c Zuliu Hu, Mohsin S. Khan 
250 |a 1. ed. 
264 1 |a Washington  |b International Monetary Fund  |c 1997 
300 |a 10 s. 
490 1 |a Economic issues  |v 8 
830 0 |a Economic issues  |v 8 
610 2 0 |a rast hospodársky 
610 2 0 |a rast hospodársky intenzívny 
610 2 0 |a produktivita 
610 2 0 |a štúdie prípadové 
610 2 0 |a Čína 
100 1 |a Hu, Zuliu 
700 1 |a Khan, Mohsin S.